[Event "ACL-A083"]
[Site "www.playchess.de"]
[Date "2001.01.30"]
[Round "16"]
[White "Player"]
[Black "iq160"]
[WhiteElo "1501"]
[BlackElo "1676"]
[PlyCount "40"]
[Result "0-1"]

1.e4 c5 2.Nf3 d6 3.d4 cxd4 4.Nxd4 Nf6 5.Nc3 g6 
6.f4 Nc6 7.Nb3 Bg7 8.Be2 Qb6 9.g4 h5 10.g5 Ng4 {na 
Dich kümmert das entblöste Feld f2 ja nicht was?}  
11.Bxg4 {Nur keine Panik aufkommen lassen! :)}  
hxg4 {ja immer kühlen Kopf bewahren}  12.Ne2 Qb4+ 
{spätestens morgen früh zum frühstück bist du 
matt}  13.Nd2 {Das glaube ich nicht...}  Nd4 {noch 
ein Ungläubiger}  14.Nxd4 Qxd4 {sieht böse aus}  
15.Qe2 g3 {wie gesagt f2 ist schwach.Das soll dir 
eine lehre sein...}  16.c3 Qc5 17.h4 Bg4 {ich 
hatte eigentlich erwartet dass du jetzt 
aufgibst...}  18.Nb3 {Erst in ein paar Stunden. 
Gute Nacht!}  Bxe2 {kaum zu glauben dass man mit 
so einer verkorksten stellung schlafen kann}  
19.Nxc5 {Alles kein Problem.}  Bg4 20.Nd3 
Bf3 0-1

[Event "ACL-A083"]
[Site "www.playchess.de"]
[Date "2001.01.30"]
[Round "20"]
[White "Player"]
[Black "Mother_Teresa"]
[WhiteElo "1501"]
[BlackElo "1505"]
[PlyCount "45"]
[Result "1-0"]

1.e4 e5 2.f4 d6 3.Nf3 Nc6 4.Nc3 Nf6 5.Bc4 Bg4 
6.O-O Nd4 7.d3 Nxf3+ 8.gxf3 Bh5 9.d4 exd4 10.Qxd4 
c5 11.Bb5+ Nd7 12.Qd5 b6 13.Bxd7+ Kxd7 14.Qxh5 f6 
15.Rd1 g6 16.Qd5 Be7 17.Be3 Qc7 18.Rd2 Qc6 19.Rad1 
Qxd5 20.Nxd5 h6 21.e5 fxe5 22.fxe5 Ke6 
23.Nc7+ 1-0

[Event "ACL-A083"]
[Site "www.playchess.de"]
[Date "2001.01.30"]
[Round "21"]
[White "dakini"]
[Black "Player"]
[WhiteElo "1405"]
[BlackElo "1501"]
[PlyCount "65"]
[Result "1-0"]

1.e4 {Ja super! Ich freue mich auf ein schönes und 
hoffentlich spannendes Spiel! Bis morgen dann!}  
e5 {Alles klar, bin gespannt was daraus wird.}  
2.Nf3 Nc6 {Hier geht es zu wie bei der Feuerwehr! 
;)}  3.Bc4 Nf6 4.Nc3 Bc5 5.d3 {Ohne Tippfehler 
dieses Mal! Gute Nacht bis morgen!}  d6 {Werde 
auch gleich verschwinden (müde)}  6.Bg5 h6 7.Bxf6 
Qxf6 8.h3 a6 {Ist dies deine Lieblingseröffnung 
mit Weiss?}  9.Nd5 {Eigentlich Königsgambit !!! 
:-))}  Qd8 {Hätte ich das vorher gewusst :)}  
10.c3 b5 11.Bb3 Bb7 12.d4 Ba7 13.O-O O-O 14.a4 
exd4 15.axb5 axb5 16.cxd4 {...}  Ne7 17.Qd3 {So 
das war jetzt erst mal definitiv der letzte Zug! 
Bis bald!  Thomas}  Nxd5 {Ich werde dann jetzt mal 
auch eine Pause einlegen. Dann vermutlich erst bis 
Morgen...}  18.exd5 b4 19.Qb5 Bb6 20.Rfc1 Re8 
21.Qxb4 {Hier läuft es besserals in der anderen 
Partie ...}  Re2 {Königsgambit werde ich 
verlieren! Nun stehe ich in drei Partien auf 
Verlust :(}  22.Bc4 {Es sind alles sehr spannende 
Spiele. Ich freue mich schon aufs nächste. Janus 
ist mein "Lehrer".}  Re4 {Gegen diesen werde ich 
auch verlieren! Glückwunsch zu deinem Sieg in der 
anderen Partie !!}  23.Bd3 {Danke! Rüdiger (janus) 
hat nir einiges zum Spielaufbau "mitgegeben". Die 
Leichtsinnsfehler nicht ;-)}  Rf4 24.Qc4 {Um 13.30 
muß ich dann wieder an die Arbeit ...}  Rxf3 
{Danke für die Info! Bin selbst um 14.00 bis ca. 
16.00 unterwegs...}  25.gxf3 {Sportlich?}  Rxa1 
{Nein, habe in der Stadt kurz was zu erledigen. 
Was Schach angeht bin ich nur Hobbyspieler.}  
26.Rxa1 {War bei mir bis vor ca. 1 jahr auch so. 
Dann hat aber eine kleine Sucht hier begonnen, 
hobbymäßig!}  Qh4 {Schon mal nachgedacht sich im 
Verein anzumelden? Ich schon, aber das Internet 
finde ich "praktischer}  27.Re1 {Starke Gegner 
live wäre schon schön, aber ich hasse 
Vereinsmeierei!}  g5 {So, ich bin dann weg. Bis 
später!}  28.Re8+ {Bis heute abend vielleicht! 
Schönen Nachmittag!}  Kg7 {Danke, war leider 
umsonst weg da ich morgen wieder fahren muss. Bin 
jetzt aber wieder da!}  29.Be4 {Es kann 
weitergehen...}  Qxh3 30.Qa4 g4 31.Qd7 {Mal sehen 
wer schneller ist}  Bxd4 32.Qxg4+ {Habe mich nach 
langem Hin und Her dazu entschlossen}  Qxg4+ {Ich 
gratuliere! Aufgabe kommt sofort...}  33.fxg4 {ich 
spiele jetzt erst die anderen Turniere runter, 
halte aber nach Dir Ausschau. Es macht total Spaß} 
 1-0

[Event "HCL-B155"]
[Site "www.playchess.de"]
[Date "2001.01.30"]
[Round "9"]
[White "Gruhni"]
[Black "Westqualmer"]
[WhiteElo "1376"]
[BlackElo "1200"]
[PlyCount "46"]
[Result "0-1"]

1.e4 {Hallo aus Heuchelheim bei Giessen in 
Hessen!}  e6 {Tag aus Bayern.}  2.d4 d5 {und alles 
klar bei dir?}  3.e5 {Ja, Montags ist eben ein 
Sch...tag!}  c5 {hab nix gegen montag. ausserdem 
is supiwetter}  4.c3 {Bei mir (Frankfurt) nicht!}  
Nc6 {liegt wohl an bayern ;c)}  5.Nf3 {Bist du 
Fussballfan?}  Qb6 {ja. zwar aus bayern, aber 
dortmund-fan.}  6.b3 cxd4 7.cxd4 {Ich bin zwar aus 
Hessen, aber Bayern-Fan. Als Eintracht-Fan würde 
ich im Moment echt leiden :-)}  Bb4+ {stimmt. ich 
sag nur köln.}  8.Bd2 {Dortmund und Bayern habe 
sich aber auch nicht gerade mit Ruhm bekleckert am 
letzten Spieltag.}  Nxd4 {ja das stimmt. zählen 
aber nur die punkte.}  9.Nxd4 Qxd4 10.Bb5+ Bd7 
11.Bxd7+ Kxd7 12.Bxb4 Qxa1 13.Qd3 {Scheisse, ich 
seh' auch garnichts mehr :-(}  Qxe5+ {in wie 
fern?}  14.Kf1 {Im Bezug aufs Schachspielen 
natürlich :-)}  Rc8 {kann zufrieden sein mit 
meiner stellung hier ;c)}  15.Qb5+ {Ich nicht ;-(} 
 Kd8 {6.b3 war wohl nich so gut.}  16.Ba3 Qa1 
17.Qb4 {Ach was solls! Verlieren tu ich so oder 
so, da tut so ein Springer auch nicht mehr weh 
:-)}  Qxb1+ {na dann nehm ich denn doch gleich 
mal.}  18.Ke2 {wie unverschämt}  Qe4+ {den turm 
will ich nicht haben.}  19.Qxe4 {Schade, damit 
hast du mir meine letzte Hoffnung zu nichte 
gemacht :-)}  dxe4 {bin nich so einer, der alles 
haben muss.}  20.Rd1+ {Ich hätte im Moment gerne 
etwas mehr :)}  Ke8 {ein schach ist doch schon ein 
guter anfang.}  21.Ke3 {Dortmund-Fan schlägt 
Bayern-Fan, hoffentlich geht das in der Bundesliga 
andersrum aus :)}  Nf6 {dazu sag ich nur 6-2}  
22.Rc1 {OK! Ich will mich nicht länger quälen. 
Gratulation zum ersten Sieg bei playchess!}  Rxc1 
{noch is die partie nich zu ende}  23.Bxc1 {Doch, 
ich geb' nach deinem nächsten Zug auf, falls du 
mir nicht noch ein Remis anbietest :)}  Kd7 {ne 
das nich. vielleicht sieht man sich ja mal wieder} 
 0-1

[Event "HCL-B155"]
[Site "www.playchess.de"]
[Date "2001.01.30"]
[Round "13"]
[White "Westqualmer"]
[Black "Bauernopfer"]
[WhiteElo "1200"]
[BlackElo "1314"]
[PlyCount "43"]
[Result "1-0"]

1.d4 d5 {Hallo Raucher! :-)}  2.c4 {Tag. Wo bleibt 
das Bauernopfer?}  dxc4 {Das kommt wohl jetzt von 
dir. Gruß}  3.Nf3 {hättest ja e5 spielen können im 
zweiten zug.}  Nf6 {Es gibt eben die verschiedene 
Möglichkeiten. Aber genau das macht Schach ja so 
interessant.}  4.e3 {dachte nur, du wolltest nen 
bauern opfern.}  b5 {Nicht immer, aber immer 
öfter}  5.a4 c6 6.axb5 cxb5 {Schade, aber nach dem 
Seitenumbau funktioniert das Messaging nicht mehr 
optimal.}  7.b3 {ja, wenn man nix schreibt, steht 
immer das gleiche da.}  Bg4 {Das war früher nicht 
so. Aber dafür ist der Server wieder schneller.}  
8.bxc4 {moin}  bxc4 {Auch moin.}  9.Bxc4 {;c)}  e6 
{Was heißt das? ;c)}  10.Qa4+ {nur ein 
"lachgesicht"}  Nbd7 {Das kenn ich aber anders. 
:-) oder :)}  11.Ne5 {;c) is dazu noch zwinkern}  
Bd6 {Kurze Frage: Gruhni und ich meinen, du 
spielst stärker als 1200. Vereinsspieler? Wahre 
DWZ?}  12.Bb5 {über 2000}  O-O {Ich 1450. Aber 
warum trägst du dich mit 1200 ein? Du gehörst in 
eine viel höhere Klasse.}  13.Nxg4 {muss doch erst 
mal testen, wie das hier so geht.}  Nxg4 {Wenn wir 
gegen dich verlieren kostet uns das aber eine 
Menge virtuelle ELO-Punkte. :-(}  14.Bxd7 {daran 
hab ich beim registrieren nich gedacht.}  Qc7 {Das 
glaub ich auch. Aber kann man jetzt sowieso nicht 
mehr ändern.}  15.Ba3 {ja, da müssen wir wohl 
beide jetzt durch.}  Bxa3 16.Nxa3 Qc3+ {Die Partie 
geht jetzt aber verdammt schnell voran.}  17.Ke2 
{hab ja auch nur immer einen zug.}  Qb2+ 
{Glückwunsch zum ersten Sieg}  18.Nc2 {merci.}  
Qb7 {Warum nicht Kf3.}  19.Bc6 {sonst wär ich matt 
geworden.}  Qc7 {Jaja, den Zug hatte ich in dem 
Moment gesehen als ich move drückte.}  20.Bxa8 
{das is schlecht. ich finde aber move und resign 
liegt zu eng beieinander.}  Rxa8 {Nein das geht. 
Es gibt nämlich noch eine zweite 
Sicherheitsabfrage mit Paßwort.}  21.Nb4 {beim 
aufgeben?}  Qc4+ {Genau, beim Aufgeben.}  22.Kf3 
{das teste ich aber lieber nicht.} 
 1-0

[Event "HCL-C069"]
[Site "www.playchess.de"]
[Date "2001.01.30"]
[Round "2"]
[White "Big_Willy"]
[Black "orange"]
[WhiteElo "1000"]
[BlackElo "951"]
[PlyCount "32"]
[Result "0-1"]

1.b3 e5 2.Nc3 Nf6 3.g3 d5 4.Nh3 Bb4 5.a3 Ba5 6.b4 
Bb6 7.Bg2 O-O 8.e3 Be6 9.O-O Qd7 10.Ng5 c6 11.Nxe6 
Qxe6 12.d4 Bc7 13.Rb1 b5 14.Rb3 Nbd7 15.Bb2 a6 
16.Bf3 Nb6 0-1

[Event "HCL-C069"]
[Site "www.playchess.de"]
[Date "2001.01.30"]
[Round "4"]
[White "orange"]
[Black "camos"]
[WhiteElo "951"]
[BlackElo "864"]
[PlyCount "107"]
[Result "1-0"]

1.e4 e5 2.Nf3 Nc6 3.Bb5 Nf6 4.O-O d6 5.Re1 a6 
6.Ba4 b5 7.Bb3 g6 8.d4 h5 9.c3 Ng4 10.Ng5 Qd7 
11.Bxf7+ Ke7 12.Be6 Qe8 13.Bb3 Bh6 14.Qd3 Qf8 
15.Rf1 Nd8 16.Bd1 Be6 17.Bxg4 hxg4 18.Be3 Nf7 
19.Nxe6 Kxe6 20.Na3 Bf4 21.g3 Qh6 22.Rfd1 Qxh2+ 
23.Kf1 Bxe3 24.Qxe3 Rh3 25.d5+ Ke7 26.Ke1 Rah8 
27.Kd2 Nh6 28.Rdh1 Qg2 29.Rag1 Qxh1 30.Rxh1 Rxh1 
31.Qa7 Rf8 32.Qxc7+ Ke8 33.Kc2 b4 34.cxb4 Rh2 
35.Kb3 Rhxf2 36.Qxd6 R8f3+ 37.Ka4 Rxg3 38.Qxe5+ 
Kd8 39.Qxg3 Rxb2 40.e5 Rd2 41.d6 Rd4 42.Qh4+ g5 
43.Qxg5+ Kd7 44.Qxh6 g3 45.Qe3 Rg4 46.Qa7+ Ke6 
47.Qe7+ Kd5 48.d7 g2 49.d8Q+ Ke4 50.Qef6 g1Q 51.e6 
Qe1 52.e7 Ke3 53.e8Q+ Re4 54.Nc2+ 1-0

[Event "HCL-C069"]
[Site "www.playchess.de"]
[Date "2001.01.30"]
[Round "6"]
[White "Big_Willy"]
[Black "camos"]
[WhiteElo "1000"]
[BlackElo "864"]
[PlyCount "26"]
[Result "0-1"]

1.Nf3 d5 2.Nc3 Nf6 3.b3 Nc6 4.Ba3 e6 5.Bxf8 Rxf8 
6.d4 h5 7.e3 Qd6 8.Nb5 Qd7 9.Ng5 Nb4 10.c3 Nc6 
11.Rc1 g6 12.g3 b6 13.Bg2 Ba6 0-1

[Event "HCL-A030"]
[Site "www.playchess.de"]
[Date "2001.01.31"]
[Round "8"]
[White "FrenchKnight"]
[Black "Guido"]
[WhiteElo "1860"]
[BlackElo "1564"]
[PlyCount "41"]
[Result "1-0"]

1.d4 d5 2.e4 dxe4 3.Nc3 Nf6 4.f3 exf3 5.Nxf3 Bf5 
6.Ne5 e6 7.g4 Bxg4 8.Nxg4 Bb4 9.Nxf6+ Qxf6 10.Qd3 
O-O 11.Be3 Qf3 12.Rg1 Nc6 13.Bg2 Qg4 14.Bxc6 Qh4+ 
15.Bf2 Qxh2 16.Rh1 Bxc3+ 17.bxc3 Qxh1+ 18.Bxh1 
Rad8 19.O-O-O c5 20.Bh4 f6 21.Qe4 1-0

[Event "HCL-A038"]
[Site "www.playchess.de"]
[Date "2001.01.31"]
[Round "20"]
[White "Dany"]
[Black "teenspirit"]
[WhiteElo "1700"]
[BlackElo "1816"]
[PlyCount "48"]
[Result "0-1"]

1.d4 Nf6 2.c4 g6 3.Nc3 Bg7 4.e4 d6 5.Be3 O-O 6.Bd3 
e5 7.dxe5 dxe5 8.Bc2 c6 9.Nge2 Be6 10.b3 Qe7 
11.O-O Rd8 12.Qb1 Na6 13.Rd1 Ng4 14.Rxd8+ Rxd8 
15.Bxa7 c5 16.Bb6 Rd2 17.h3 Nf6 18.Ba5 Qd7 19.Ng3 
Bxh3 20.Nd5 Nxd5 21.Bxd2 Nf4 22.Bxf4 exf4 23.Qd1 
Bxa1 24.Qxd7 Bxd7 0-1

[Event "HCL-A053"]
[Site "www.playchess.de"]
[Date "2001.01.31"]
[Round "9"]
[White "Deepecho"]
[Black "klypp"]
[WhiteElo "1800"]
[BlackElo "2100"]
[PlyCount "32"]
[Result "0-1"]

1.e4 e5 2.Nf3 Nc6 3.Bc4 Be7 4.d4 d6 5.dxe5 dxe5 
6.Qxd8+ Bxd8 7.Nc3 Nge7 8.Be3 O-O 9.h3 Ng6 
10.O-O-O Na5 11.Be2 Be6 12.h4 f6 13.h5 Ne7 14.b3 
h6 15.Rd2 c6 16.Rd6 Bf7 0-1

[Event "HCL-B073"]
[Site "www.playchess.de"]
[Date "2001.01.31"]
[Round "33"]
[White "grez"]
[Black "paule"]
[WhiteElo "1200"]
[BlackElo "1747"]
[PlyCount "40"]
[Result "0-1"]

1.f4 d5 2.Nf3 Nf6 3.d4 c5 4.c4 cxd4 5.Nxd4 e6 
6.cxd5 Qxd5 7.Nc3 Bb4 8.e3 O-O 9.Qd3 Rd8 10.Bd2 
Bxc3 11.Bxc3 b6 12.O-O-O Qxa2 13.Qb5 Ba6 14.Qg5 
Rd5 15.Qg3 Ne4 16.Qh4 Bxf1 17.Rhxf1 Na6 18.Qg4 
Nxc3 19.Kc2 Rc8 20.Rde1 Nb4+ 0-1

[Event "HCL-B094"]
[Site "www.playchess.de"]
[Date "2001.01.31"]
[Round "20"]
[White "Gandalf_9417"]
[Black "Sixty4"]
[WhiteElo "1200"]
[BlackElo "1606"]
[PlyCount "58"]
[Result "1/2-1/2"]

1.e4 d5 2.exd5 Qxd5 3.Nc3 Qa5 4.d4 Nf6 5.Bc4 Bf5 
6.Bd2 c6 7.Nd5 Qd8 8.Nxf6+ gxf6 9.Bf4 Nd7 10.Ne2 
e5 11.Ng3 exf4 12.Nxf5 Qa5+ 13.c3 Qxf5 14.O-O 
O-O-O 15.Bxf7 h5 16.Qf3 Rh7 17.Bc4 Rg7 18.h4 Bd6 
19.Rae1 Qg6 20.Bd3 f5 21.Bc4 Re8 22.Rxe8+ Qxe8 
23.Qh3 f3 24.Qxf3 Qe4 25.Qxe4 fxe4 26.Re1 Re7 
27.g3 Nf6 28.Kg2 Kd7 {Thanks for waiting so long!} 
 29.Bb3 b6 {I'm out of ideas ... let's bring it to 
an end!?}  1/2-1/2

[Event "HCL-B098"]
[Site "www.playchess.de"]
[Date "2001.01.31"]
[Round "11"]
[White "shepherd"]
[Black "Gruhni"]
[WhiteElo "1581"]
[BlackElo "1410"]
[PlyCount "101"]
[Result "1-0"]

1.e4 e5 2.Nf3 Nc6 3.Bb5 Nf6 4.O-O Bc5 5.c3 O-O 
6.d4 exd4 7.cxd4 Bb6 8.Nc3 d6 9.Bg5 h6 10.Bh4 Bg4 
11.h3 Bh5 12.g4 g5 13.Bg3 Bg6 14.e5 dxe5 15.Bxc6 
bxc6 16.dxe5 Nd5 17.Qb3 Nxc3 18.Qxc3 Qd3 19.Qxd3 
Bxd3 20.Rfe1 Bc4 21.Nd2 Bd5 22.b3 Rae8 23.Ne4 Re6 
24.Rad1 Bxe4 25.Rxe4 Rfe8 26.Kg2 f6 27.Rde1 fxe5 
28.R4xe5 R6xe5 29.Rxe5 Rxe5 30.Bxe5 Kf7 31.f4 gxf4 
32.Bxf4 Kg6 33.Kf3 c5 34.Ke4 c6 35.Bd6 h5 36.Be7 
hxg4 37.hxg4 Kf7 38.Bg5 Ke6 39.Bf4 Bd8 40.Be3 Be7 
41.g5 Bf8 42.Kf4 a6 43.Kg4 Kd5 44.Kf5 c4 45.bxc4+ 
Kxc4 46.Kf6 Kd5 47.Kf7 Bd6 48.g6 Be5 49.Bg5 c5 {Oh 
ja, das war der richtige Zug von dir :(}  50.Bf6 
c4 {Ich denke, der Rest ist Formsache, 
Gratulation. Nach deinem nächsten Zug gebe ich 
auf.}  51.Bxe5 1-0

[Event "HCL-B103"]
[Site "www.playchess.de"]
[Date "2001.01.31"]
[Round "1"]
[White "pdqbach"]
[Black "FdeJong"]
[WhiteElo "1307"]
[BlackElo "1200"]
[PlyCount "57"]
[Result "1-0"]

1.e4 e5 2.Nf3 Nc6 3.Bb5 Nd4 4.Nxd4 exd4 5.O-O c6 
6.Ba4 Nf6 7.d3 Bc5 8.Bf4 O-O 9.Nd2 b5 10.Bb3 d5 
11.e5 Ng4 12.h3 g5 13.Bxg5 Qxg5 14.hxg4 Bxg4 15.f3 
Bh5 16.g4 f6 17.Ne4 Qe3+ 18.Kg2 Bg6 19.Nxf6+ Kg7 
20.f4 Be7 21.Rf3 Be4 22.dxe4 Qxf3+ 23.Kxf3 dxe4+ 
24.Kxe4 Bxf6 25.exf6+ Rxf6 26.Qxd4 Re8+ 27.Kf3 Kg6 
28.f5+ Kh6 29.Qxf6+ 1-0

[Event "HCL-B106"]
[Site "www.playchess.de"]
[Date "2001.01.31"]
[Round "15"]
[White "paule"]
[Black "Hubble"]
[WhiteElo "1814"]
[BlackElo "1659"]
[PlyCount "61"]
[Result "1-0"]

1.e4 e5 2.Nf3 Nc6 3.Bb5 a6 4.Ba4 Nf6 5.O-O b5 
6.Bb3 d6 7.c3 Na5 8.Bc2 Be7 9.d4 exd4 10.cxd4 O-O 
11.h3 Bb7 12.Re1 Re8 13.Nbd2 d5 14.e5 Nd7 15.Bd3 
c5 16.Qc2 h6 17.Bf5 c4 18.e6 fxe6 19.Bxe6+ Kh8 
20.Bxd7 Qxd7 21.Ne5 Qc7 22.Nf7+ Kg8 23.Qg6 Qf4 
24.Nxc4 Qxf7 25.Qxf7+ Kxf7 26.Nxa5 Ra7 27.Bd2 Bc8 
28.Rac1 Be6 29.Nc6 Rb7 30.Ne5+ Kf6 
31.Rc6 1-0

[Event "HCL-B106"]
[Site "www.playchess.de"]
[Date "2001.01.31"]
[Round "20"]
[White "Matu"]
[Black "paule"]
[WhiteElo "1257"]
[BlackElo "1814"]
[PlyCount "62"]
[Result "0-1"]

1.Nf3 Nf6 2.b3 d6 3.d4 g6 4.Bb2 Bg7 5.e3 O-O 6.Be2 
b6 7.O-O Bb7 8.Nbd2 Nbd7 9.c4 c5 10.d5 e6 11.dxe6 
fxe6 12.Ng5 Qe7 13.Bf3 d5 14.g3 Rad8 15.Qc2 e5 
16.cxd5 Nxd5 17.Nge4 Nb4 18.Qc4+ Kh8 19.Ng5 Ba6 
20.Qh4 h6 21.Nde4 Bxf1 22.Rxf1 Nf6 23.Nh3 Ng8 
24.Qxe7 Nxe7 25.Be2 Nec6 26.a3 Nd5 27.Rc1 Nf6 
28.Nxf6 Rxf6 29.Rc2 Rfd6 30.Bc1 Na5 31.Rb2 
R6d1+ 0-1

[Event "HCL-B115"]
[Site "www.playchess.de"]
[Date "2001.01.31"]
[Round "8"]
[White "FrancoMatt"]
[Black "Shanice"]
[WhiteElo "1500"]
[BlackElo "1500"]
[PlyCount "38"]
[Result "0-1"]

1.Nc3 d5 2.Nf3 Nf6 3.e3 g6 4.Nb5 Bg7 5.c4 a6 6.Nc3 
dxc4 7.Bxc4 b5 8.Bd3 Qxd3 9.Ne5 Qd6 10.d4 Bb7 
11.Qb3 O-O 12.O-O c5 13.dxc5 Qxe5 14.Rd1 Nbd7 
15.f4 Qxc5 16.a4 b4 17.Ne2 Qc6 18.e4 Qxe4 19.Ng3 
Qxg2+ 0-1

[Event "HCL-B118"]
[Site "www.playchess.de"]
[Date "2001.01.31"]
[Round "14"]
[White "rdr220"]
[Black "paule"]
[WhiteElo "1500"]
[BlackElo "1815"]
[PlyCount "98"]
[Result "0-1"]

1.e4 e6 2.d4 d5 3.e5 c5 4.c3 Nc6 5.Nf3 Qb6 6.Be2 
cxd4 7.cxd4 Nge7 8.Na3 Nf5 9.Nc2 Bb4+ 10.Kf1 Be7 
11.h4 h5 12.g3 Bd7 13.Kg2 Rc8 14.Bd2 a5 15.Bc3 Nb4 
16.Ne3 Nxe3+ 17.fxe3 Bb5 18.a3 Bxe2 19.Qxe2 Nc6 
20.Rhf1 Qa6 21.Qf2 Qd3 22.Ne1 Qg6 23.Qc2 Qxc2+ 
24.Nxc2 b5 25.Rfc1 Kd7 26.Ne1 b4 27.axb4 axb4 
28.Bd2 Rca8 29.Nd3 Rhb8 30.b3 Ra3 31.Rcb1 Rba8 
32.Rxa3 bxa3 33.Kf3 Na7 34.Ke2 Nb5 35.Nc1 Rc8 
36.Kd3 f6 37.exf6 gxf6 38.Na2 e5 39.Rc1 Rg8 40.Rg1 
Rg4 41.Nc3 Nxc3 42.Kxc3 Bd6 43.Be1 exd4+ 44.exd4 
f5 45.Bf2 f4 46.gxf4 Bxf4 47.b4 Bd2+ 48.Kxd2 Rxg1 
49.Bxg1 a2 0-1

[Event "HCL-B121"]
[Site "www.playchess.de"]
[Date "2001.01.31"]
[Round "18"]
[White "Gruhni"]
[Black "Eyechess"]
[WhiteElo "1404"]
[BlackElo "1500"]
[PlyCount "41"]
[Result "1/2-1/2"]

1.e4 e6 2.d4 d5 3.e5 c5 4.c3 Nc6 5.Bb5 cxd4 
6.Bxc6+ bxc6 7.cxd4 Qa5+ 8.Bd2 Bb4 9.Bxb4 Qxb4+ 
10.Qd2 Rb8 11.b3 Ne7 12.Nf3 O-O 13.O-O Nf5 14.Rd1 
Qxd2 15.Rxd2 Ba6 16.Nc3 Rbc8 17.b4 Rcb8 18.a3 Rb7 
19.Nd1 Rc8 20.Nb2 Rbc7 21.Rc1 1/2-1/2

[Event "HCL-B126"]
[Site "www.playchess.de"]
[Date "2001.01.31"]
[Round "11"]
[White "Bauernopfer"]
[Black "Stephen21"]
[WhiteElo "1368"]
[BlackElo "1233"]
[PlyCount "93"]
[Result "1-0"]

1.e4 d5 2.exd5 Qxd5 3.Nc3 Qe6+ 4.Qe2 Qxe2+ 5.Bxe2 
Nf6 6.Nf3 e6 7.O-O Bb4 8.a3 Bxc3 9.dxc3 O-O 10.Bg5 
Nbd7 11.Rad1 h6 12.Bxf6 Nxf6 13.Ne5 b6 14.Bf3 Rb8 
15.Nc6 Ra8 16.Ne7+ Kh8 17.Bxa8 Ba6 18.Bf3 Bxf1 
19.Kxf1 Re8 20.Nc6 Nd5 21.Bxd5 exd5 22.Nxa7 g5 
23.h3 f5 24.Rxd5 f4 25.Nc6 Re6 26.Nd8 Re7 27.Nc6 
Re6 28.Nb4 c5 29.Nd3 Kh7 30.c4 h5 31.Rxg5 Kh6 
32.Re5 Rf6 33.f3 h4 34.b3 Rd6 35.a4 Kg6 36.Re4 Kf5 
37.Rxf4+ Kg5 38.Re4 Rf6 39.Kf2 Rf5 40.Rg4+ Kf6 
41.Rxh4 Ke6 42.Re4+ Kf6 43.g4 Rg5 44.Kg3 Kg6 45.h4 
Rxg4+ 46.Kxg4 Kf6 47.h5 1-0

[Event "HCL-B129"]
[Site "www.playchess.de"]
[Date "2001.01.31"]
[Round "14"]
[White "darweyg"]
[Black "Hubble"]
[WhiteElo "991"]
[BlackElo "1623"]
[PlyCount "22"]
[Result "0-1"]

1.d4 Nf6 2.Nf3 d5 3.Nc3 Bf5 4.e3 e6 5.a3 Be7 6.Bd2 
O-O 7.Be2 c5 8.Nb5 a6 9.Nc3 Nc6 10.Bd3 Bxd3 
11.cxd3 cxd4 0-1

[Event "HCL-B135"]
[Site "www.playchess.de"]
[Date "2001.01.31"]
[Round "6"]
[White "Romulus73"]
[Black "liero"]
[WhiteElo "1835"]
[BlackElo "1200"]
[PlyCount "21"]
[Result "1-0"]

1.e4 e5 2.f4 Qh4+ 3.g3 Qe7 4.fxe5 Qxe5 5.Nc3 Bb4 
6.Nge2 d6 7.Bg2 Bxc3 8.Nxc3 Nf6 9.d4 Qe7 10.Bg5 
Nbd7 11.O-O 1-0

[Event "HCL-B135"]
[Site "www.playchess.de"]
[Date "2001.01.31"]
[Round "25"]
[White "Sturk"]
[Black "liero"]
[WhiteElo "1635"]
[BlackElo "1200"]
[PlyCount "45"]
[Result "1-0"]

1.e4 e5 2.Nf3 d6 3.d4 exd4 4.Qxd4 Nc6 5.Bb5 Bd7 
6.Bxc6 Bxc6 7.Nc3 Qe7 8.O-O Nf6 9.Bg5 h6 10.Bh4 
Qd8 11.Rfe1 Be7 12.e5 dxe5 13.Qxe5 O-O 14.Qxe7 
Qxe7 15.Rxe7 Bxf3 16.gxf3 Rac8 17.Bxf6 gxf6 18.Rd1 
Rfe8 19.Nd5 c6 20.Rxe8+ Rxe8 21.Nxf6+ Kf8 22.Nxe8 
Kxe8 23.Rd6 1-0

[Event "HCL-B135"]
[Site "www.playchess.de"]
[Date "2001.01.31"]
[Round "30"]
[White "jonte2"]
[Black "Deppenhaufen"]
[WhiteElo "1581"]
[BlackElo "1500"]
[PlyCount "74"]
[Result "0-1"]

1.d4 e6 2.e3 Nf6 3.Nf3 b6 4.Bd3 Bb7 5.O-O d5 6.c4 
Bd6 7.Nc3 O-O 8.Bd2 dxc4 9.Bxc4 a6 10.Qe2 b5 
11.Bd3 Nbd7 12.Ng5 h6 13.Nf3 c5 14.Rfc1 Rc8 15.e4 
cxd4 16.Nxd4 Nc5 17.h3 Be5 18.Nxe6 Nxe6 19.Bc2 Nd4 
20.Qd1 b4 21.Na4 Nxc2 22.Rxc2 Qd4 23.Rxc8 Rxc8 
24.Be3 Qxe4 25.Qf1 Bd6 26.Rc1 Rxc1 27.Bxc1 Nh5 
28.b3 Qe5 29.f3 Qd4+ 30.Qf2 Bh2+ 31.Kf1 Qd1+ 
32.Qe1 Qd3+ 33.Kf2 Bg3+ 34.Kg1 Bxe1 35.Bb2 Bg3 
36.Nc3 Qe3+ 37.Kf1 {Good Game :-)}  
Qe1+ 0-1

[Event "HCL-B137"]
[Site "www.playchess.de"]
[Date "2001.01.31"]
[Round "7"]
[White "jabbaman"]
[Black "chrisg"]
[WhiteElo "1293"]
[BlackElo "1419"]
[PlyCount "44"]
[Result "0-1"]

1.e4 c6 2.f4 d5 3.exd5 Qxd5 4.Nc3 Qd6 5.d4 Nf6 
6.Nf3 Bg4 7.Be2 e6 8.O-O Nbd7 9.Ne5 Bxe2 10.Nxe2 
Be7 11.c3 O-O {nice to meet you again!}  12.g4 c5 
13.g5 Nd5 14.h4 cxd4 15.cxd4 f6 16.Nxd7 Qxd7 
17.Bd2 e5 18.Kh2 {Now I'm over extended!!}  Qg4 
19.Be1 exf4 20.Nxf4 Qxd1 21.Rxd1 Ne3 22.Bc3 
fxg5 0-1

[Event "HCL-B137"]
[Site "www.playchess.de"]
[Date "2001.01.31"]
[Round "8"]
[White "Blitzmich"]
[Black "jabbaman"]
[WhiteElo "1200"]
[BlackElo "1293"]
[PlyCount "43"]
[Result "1-0"]

1.d4 g6 2.e4 Bg7 3.Nc3 Nf6 4.e5 Ng8 5.Bc4 e6 6.Nf3 
Ne7 7.O-O O-O 8.Bb3 b6 9.Bg5 Bb7 10.Re1 h6 11.Bf4 
Nf5 12.d5 exd5 13.Nxd5 Na6 14.c4 g5 15.Bc2 Ne7 
16.Nxg5 Nxd5 17.cxd5 hxg5 18.Qh5 Re8 19.Bxg5 f6 
{deep in trouble!}  20.Qh7+ {Take it easy. Its a 
game.}  Kf8 {but what a game ...}  21.Bh6 Qe7 
22.Qh8+ 1-0

[Event "HCL-B138"]
[Site "www.playchess.de"]
[Date "2001.01.31"]
[Round "4"]
[White "shsh"]
[Black "Brussels_Hooligan"]
[WhiteElo "1460"]
[BlackElo "1440"]
[PlyCount "25"]
[Result "1-0"]

1.e4 c6 2.Nc3 g6 3.Nf3 Bg7 4.d4 d5 5.Bd3 dxe4 
6.Nxe4 Bg4 7.c3 Nh6 8.h3 O-O 9.hxg4 Nxg4 10.Nfg5 
h6 11.Qxg4 f5 12.Qh3 fxe4 13.Qe6+ 1-0